[Event "New Delhi"]
[Site "New Delhi"]
[Date "1990.??.??"]
[Round "?"]
[White "Anand, Viswanathan"]
[Black "Torre, Eugenio"]
[Result "1-0"]
[WhiteElo "2610"]
[BlackElo "2530"]
[Annotator "Anand,V"]
[PlyCount "93"]
[EventDate "1990.??.??"]
[EventType "tourn"]
[EventRounds "9"]
[EventCountry "IND"]
[SourceTitle "CBM 022"]
[Source "ChessBase"]
[SourceDate "1991.06.01"]
[SourceVersion "1"]
[SourceVersionDate "1991.06.01"]
[SourceQuality "1"]

1. e4 e5 2. Nf3 Nc6 3. Bb5 a6 4. Ba4 Nf6 5. O-O Be7 6. Qe2 b5 7. Bb3 d6 8. c3
O-O 9. d4 Bg4 10. Rd1 Qe8 $5 (10... Qc8) (10... exd4 11. cxd4 d5 12. e5 Ne4 $13
) 11. a4 Na5 12. Bc2 b4 13. d5 c5 (13... b3 $5 14. Bd3 Nd7 15. Be3 (15. Bxa6
Bxf3 16. gxf3 Nc5 17. Bb5 Qd8 18. Be3 Bg5 $44) 15... Nc5 16. Bxc5 dxc5 $13) 14.
Nbd2 $14 Qb8 15. h3 Bd7 (15... Bh5 16. g4 Bg6 17. Ne1) 16. Ne1 $1 Rc8 17. Bd3
Qb7 18. Nc2 g6 19. Ne3 Nh5 20. Qf3 Rcb8 (20... Nf4 21. Bf1) 21. Nec4 Nxc4 22.
Nxc4 a5 23. cxb4 cxb4 (23... axb4 24. b3 $14) 24. Be3 $16 Qc7 25. b3 Qd8 26.
Rac1 Ng7 27. Qe2 f5 $6 (27... Nh5) 28. f4 $1 exf4 29. Bxf4 Nh5 30. Be3 fxe4 31.
Bxe4 Bg5 32. Qd2 Bxe3+ 33. Qxe3 Qe7 34. Re1 Nf6 35. Qd4 Nxe4 36. Qxe4 (36. Rxe4
Qg5 $132) 36... Qxe4 37. Rxe4 Bf5 38. Re7 Rd8 39. g4 Bd3 {[#]} 40. Nb6 $1 (40.
Nb2 Ba6 41. Rcc7 Rdc8 42. Rg7+ Kf8 43. Rxh7 Rxc7 44. Rxc7 Re8) 40... Re8 41.
Rec7 Rad8 (41... Rab8 42. Nd7 $18) 42. Nd7 Re3 43. Nf6+ Kf8 44. Nxh7+ Kg8 45.
Ra7 $1 g5 46. Nf6+ Kf8 (46... Kh8 47. h4 $18) 47. Rcc7 (47. Rcc7 Bg6 48. Rg7
$18) 1-0

[Event "EU-ch 4th"]
[Site "Istanbul"]
[Date "2003.05.31"]
[Round "2"]
[White "Stevic, Hrvoje"]
[Black "Arduman, Can"]
[Result "1-0"]
[WhiteElo "2550"]
[BlackElo "2361"]
[Annotator "Atlas,V"]
[PlyCount "77"]
[EventDate "2003.05.30"]
[EventType "swiss"]
[EventRounds "13"]
[EventCountry "TUR"]
[SourceTitle "CBM 096"]
[Source "ChessBase"]
[SourceDate "2003.09.25"]
[SourceVersion "1"]
[SourceVersionDate "2003.09.25"]
[SourceQuality "1"]

1. e4 e5 2. Nf3 Nc6 3. Bb5 a6 4. Ba4 Nf6 5. O-O Be7 6. Qe2 b5 7. Bb3 O-O 8. c3
d5 9. d3 Re8 10. Nbd2 h6 11. Re1 Be6 12. Nf1 Bf8 13. Ng3 Qd7 14. Be3 Ng4 15.
Bd2 dxe4 16. Bxe6 Qxe6 17. dxe4 Na5 18. b3 Nb7 19. h3 Nf6 20. Nh2 Nc5 21. Ng4
Rad8 22. Nxf6+ Qxf6 23. Be3 Qc6 24. c4 b4 25. Rad1 Qg6 26. Qf3 c6 27. Nf5 Kh7
28. h4 Qf6 29. g4 Qg6 30. g5 $1 {[%csl Rg6,Rh7][%cal Gh4h5] Threatening 31.h5.}
h5 ({After} 30... hxg5 31. hxg5 {, White has a dangerous threat 32.Kg2 and 33.
Rh1+, followed by Qh3.}) 31. Ng3 Kg8 32. Bxc5 Bxc5 33. Nxh5 f6 34. Ng3 fxg5 35.
h5 $1 Qh6 36. Nf5 Qf6 37. Kg2 Rxd1 38. Rxd1 Rd8 $2 ({A careless move losing
immediately. Black had to choose between} 38... Rf8 {, and 38...Bd4.}) {
[%tqu "En","How can White punish Black's last careless move?","Exploit the
shaky position of the black rook.","Use your knight to deflect the enemy queen.
","f5h6","This is a nice touch!",4]} 39. Nh6+ $1 {[%csl Rd8,Rf6][%cal Gd1d8,
Gf3f6]} (39. Nh6+ {This simple but elegant knight jump wins on the spot. Black
resigned since he cannot avoid material losses:} Qxh6 (39... Kh7 40. Qxf6 gxf6
41. Rxd8) 40. Rxd8+) 1-0

[Event "NOR-ch"]
[Site "Kristiansund"]
[Date "1992.??.??"]
[Round "8"]
[White "Djurhuus, Rune"]
[Black "Gausel, Einar"]
[Result "0-1"]
[WhiteElo "2405"]
[BlackElo "2485"]
[Annotator "Bulletin"]
[PlyCount "58"]
[EventDate "1992.??.??"]
[EventType "swiss"]
[EventRounds "9"]
[EventCountry "NOR"]
[SourceTitle "TD"]
[Source "ChessBase"]
[SourceDate "1994.03.01"]
[SourceVersion "1"]
[SourceVersionDate "1994.03.01"]
[SourceQuality "1"]

1. e4 e5 2. Nf3 Nc6 3. Bb5 a6 4. Ba4 Nf6 5. O-O Be7 6. Qe2 {Short hadde
suksess (2-0) med dette trekket i Kandidat-semifinalen mot Karpov.} b5 7. Bb3
d6 8. c3 O-O 9. Rd1 {9.d4 ville ha hindret svart i Е stille seg opp som i
partiet.} Na5 10. Bc2 c5 11. d4 Qc7 12. Bg5 $6 {Her har lKperen ingen funksjon.
Den kommer bare til Е bli byttet av mot svarts noe dÅrlige lKper pÅ e7. Bedre
er 12.h3.} Bg4 $1 {Dermed mÅ hvit avklare i sentrum.} 13. d5 $2 {Hvit bKr
spille 13.dxe5, men han trodde at han ville ha stKrre vinstsjanser ved Е holde
stillingen lukket.} Nh5 (13... Nxd5 $5 14. exd5 (14. Rxd5 Bxg5 15. h3 Bxf3 16.
Qxf3 {med litt kompensasjon for bonden er kanskje hvits beste mulighet.}) 14...
Bxg5 15. Qd3 e4 16. Qxe4 f5 17. Qe6+ Kh8 18. Nxg5 Bxd1 19. Bxd1 Rae8 {vinner
for svart.}) 14. Bc1 $6 {Hvit mÅ prKve 14.Lxe7, men svart stÅr allerede best.}
Nf4 15. Bxf4 exf4 16. e5 $1 {Eneste trekket. Svart mÅ ikke fÅ tid til Е spille
Lf6.} g6 $1 {SjKlsagt ikke} (16... Bxf3 $2 17. Qxf3 dxe5 $2 18. d6 Bxd6 19. Qd3
{og hvit vinner offiser.}) 17. exd6 Bxd6 18. Nbd2 Rae8 $6 {Jeg ville ha spilt
18...Tfe8. I visse varianter gjKr a-tÅrnet nytte for seg pÅ d8.} 19. Qf1 Bxf3
20. Nxf3 Nc4 21. Rab1 {Hvit ville ikke svekke c3-bonden ved Е spille 21.b3} Ne5
22. Nxe5 Rxe5 23. a4 {Eventuelt} (23. Re1 Rxd5 24. Rbd1 Rxd1 25. Bxd1 {med
remissjanser pÅ tross av minusbonden.}) 23... Rb8 24. axb5 axb5 25. Bd3 $4 {
[#] Taper direkte. Jeg skjKnte ikke hvor kritisk stillingen min er. Jeg mÅ
prKve} (25. Re1 Rxd5 26. Rbd1 Rxd1 27. Bxd1 c4 28. Bf3 {med remissjanser.})
25... f3 $1 {Dette trekket hadde jeg ikke sett pÅ i det hele tatt. Jeg trodde
svart skulle spille} (25... c4 26. Be2 Rbe8 27. Bf3 Qe7 {og hvit stÅr dÅrlig,
men kan kanskje holde stillingen sammen.}) 26. g3 {Andre trekk gir svart et
vinnende kongeangrep.} c4 27. Bc2 Re2 $1 {Dermed kan hvit gi opp fordi f2
faller.} 28. Rbc1 Bc5 29. Kh1 Qd7 {Hvit har ikke noe fornuftig forsvar.} 0-1

[Event "Candidates sf1"]
[Site "Linares"]
[Date "1992.??.??"]
[Round "6"]
[White "Short, Nigel D"]
[Black "Karpov, Anatoly"]
[Result "1-0"]
[WhiteElo "2685"]
[BlackElo "2725"]
[Annotator "Chandler,M"]
[PlyCount "55"]
[EventDate "1992.04.??"]
[EventType "match"]
[EventRounds "10"]
[EventCountry "ESP"]
[SourceTitle "Candidates"]
[Source "ChessBase"]
[SourceDate "1999.07.01"]
[SourceVersion "2"]
[SourceVersionDate "1999.07.01"]
[SourceQuality "1"]

1. e4 {Hansen,Cu} e5 2. Nf3 Nc6 3. Bb5 a6 4. Ba4 Nf6 5. O-O Be7 6. Qe2 {
Nigel has used this on occasion to sidestep the main lines of Spanish.} b5 7.
Bb3 O-O 8. c3 d5 (8... d6 9. d4 Bg4 10. Rd1 exd4 11. cxd4 d5 12. e5 Ne4 13. a4
$1 b4 14. a5 Kh8 {Botvinnik's idea} (14... Qd7 15. Be3 f5 16. Qc2 Nd8 17. Rc1
Rc8 18. Ne1 Kh8 19. Ba4 Qe6 20. Nd3 g5 21. f3 f4 22. Bf2 Nxf2 23. Qxf2 Bf5 24.
Nc5 $16 {Mortensen,E-Schandorff,L/Kerteminde/1991/1-0/49/ CBM23}) 15. Be3 f6
16. Rc1 Na7 17. Qxa6 $14) 9. d3 d4 (9... Bb7 10. Re1 Re8 11. Nbd2 Bf8 12. a3
Na5 (12... Qd7 $5 {/\ Rad8}) 13. Ba2 c5 {>= 13...de4} 14. b4 Nc6 15. exd5 Nxd5
16. Ne4 cxb4 17. Nfg5 $1 h6 18. Qf3 $1 $16 {Short,N-Huebner,R/Manila izt/1990/
1-0/40/ CBM 19}) (9... Qd6 10. Nbd2 Be6 11. Re1 dxe4 12. dxe4 Rfd8 {Short,
N-Nikolic,Pr/Tilburg/1990/1/2-1/2/30/ CBM 20}) 10. Nbd2 (10. cxd4 Nxd4 11. Nxd4
Qxd4 12. Be3 $14 {ECO C86/18} (12. Nd2 {Hansen,Cu} c5 13. Nf3 Qd6 14. Be3 Be6
$10 {Keres-Lilienthal Budapest ct 1950}) (12. Be3 Qd6 13. Nc3 Be6 14. Bxe6 fxe6
15. f4 exf4 16. Bxf4 e5 17. Bg3 Rad8 $10 {Keres-Euwe 1948})) (10. Rd1 Be6 11.
Nbd2 Re8 12. Bxe6 fxe6 13. Nb3 $16 {Spassky,b-Donner,JH/Santa Monica/1966/ 2/
270} (13. Nb3 {Hansen,Cu} dxc3 14. bxc3 Bd6 15. d4 $14 {Spassky-Donner Santa
Monica 1966})) 10... Bc5 $1 11. Bc2 Bb6 12. Nb3 Bg4 13. h3 Bxf3 14. Qxf3 a5 15.
a3 (15. a4 {Hansen,Cu} dxc3 16. bxc3 b4 $15 {><d4}) 15... a4 16. Nd2 Ba5 $1 {
The opening has not been a success for White, as his development lags.} (16...
Nb8 $5 {Hansen,Cu} 17. c4 c6 {/\Nb8-d7}) 17. c4 Bxd2 18. Bxd2 bxc4 19. Rfc1 $5
{Half inspiration, half desperation.} (19. dxc4 {Leads to a position without
prospects} Qd6 {/\ Nf6-d7-c5, Rf8-b8} (19... d3 {Too early} 20. Bxd3 Nd4 21.
Qe3) (19... Nd7 $15 {Hansen,Cu /\Nc5})) 19... Qd6 (19... Nd7 $1 20. Qd1 Nb6 $1)
(19... Nd7 {Hansen,Cu /\Nb6/Nc5}) 20. Qd1 $1 c3 21. bxc3 dxc3 22. Bxc3 Nd4 {
By returning the pawn with 20...c3 Karpov has successfully avoided opening up
the game (for White's bishops) and gained an outpost for his knight on d4. In
addition there are promising tactical possibilities after 23.Bxa4} 23. Ra2 $1 {
Takes away the check on e2} (23. Bxa4 Rxa4 $1 24. Qxa4 Ne2+ 25. Kh1 (25. Kh2 $2
Ng4+ $1 26. hxg4 Qh6#) 25... Qxd3 (25... Nxc1 {Hansen,Cu} 26. Rxc1 Qxd3 27. f3
$14)) 23... Nxc2 (23... Nd7 {Hansen,Cu} 24. Bxa4 $16) 24. Raxc2 Rfd8 25. Bb4 $1
{Suddenly White is better! Flustered Karpov falls into a simple one move trap.}
Qxd3 $4 (25... Qa6 $1) (25... Qa6 {Hansen,Cu}) 26. Rd2 {A simple and lethal
skewer. If Black's queen moves he loses the rook on d8.} Qxd2 27. Bxd2 Nxe4 28.
Rc2 1-0

[Event "Riga Tal Memorial"]
[Site "Riga"]
[Date "1995.??.??"]
[Round "11"]
[White "Ehlvest, Jaan"]
[Black "Anand, Viswanathan"]
[Result "0-1"]
[WhiteElo "2615"]
[BlackElo "2715"]
[Annotator "Dolmatov,S"]
[PlyCount "84"]
[EventDate "1995.04.??"]
[EventType "tourn"]
[EventRounds "11"]
[EventCountry "LAT"]
[EventCategory "17"]
[SourceTitle "CBM 047"]
[Source "ChessBase"]
[SourceDate "1995.08.01"]
[SourceVersion "1"]
[SourceVersionDate "1995.08.01"]
[SourceQuality "1"]

1. e4 e5 2. Nf3 Nc6 3. Bb5 a6 4. Ba4 Nf6 5. Qe2 b5 6. Bb3 Be7 7. c3 O-O 8. O-O
d5 9. d3 (9. exd5 Bg4 (9... Nxd5 10. Nxe5 Nf4 11. Qe4 Nxe5 12. d4 $14) 10. dxc6
e4 11. d4 exf3 12. gxf3 Bh3 13. Re1 Re8 14. Bg5 Nd5 $44) 9... Bb7 10. Rd1 (10.
Re1 $5) 10... Re8 11. Nbd2 Bf8 12. Nf1 h6 (12... Na5 13. Bc2 c5 $15 {Huebner,
R-Geller,E/Palma de Mallorca(izt)/1970/ Inf 10/325/}) 13. a3 (13. Ne3 Na5 14.
Nxd5 Nxd5 15. Bxd5 Bxd5 16. exd5 Qxd5 $10) 13... Nb8 14. Ne3 dxe4 15. dxe4 Nbd7
16. Nd5 Nc5 $1 $15 17. Nxf6+ (17. Bc2 Nxd5 18. exd5 e4 $17) 17... Qxf6 18. Bc2
(18. Bd5 $32 Bxd5 19. Rxd5 Nb3 20. Rb1 Rad8 21. Rxd8 Rxd8 22. Be3 $15) 18...
Qc6 19. Re1 (19. Nd2 Rad8 20. b4 Na4 21. Bxa4 Qxc3 $17) 19... Rad8 20. Bd2 Qe6
21. Rab1 $6 (21. b4 Nb3 22. Rab1 Nxd2 23. Nxd2 $17) (21. Rad1 $32 Qa2 22. Bc1)
21... Qc4 22. b4 (22. b3 Qxe2 23. Rxe2 Nd3 $17) (22. Qxc4 bxc4 $17) 22... Nd3
23. Bb3 Qc6 24. Bd5 $8 Rxd5 25. exd5 Qxd5 $17 26. Red1 e4 27. Ne1 (27. Nd4 Bd6)
27... Re6 28. Be3 Bd6 29. Bc5 (29. Nxd3 exd3 30. Qf1 Rg6 31. f3 Qxf3 32. Qxf3
Bxf3 33. Rxd3 Be4 $19) 29... Bxc5 30. bxc5 Rg6 31. Qe3 Qh5 32. c4 $2 (32. Rd2
Ne5 $17) (32. Nxd3 exd3 33. g3 Qd5 34. f3 Re6 35. Qxd3 Re1+ $19) 32... bxc4 $19
33. Rd2 (33. Rxb7 Qxd1 $19) 33... Bc6 34. Rc2 Bd5 35. h3 Kh7 36. Kh1 f5 37. f4
exf3 38. Nxf3 Re6 39. Qd4 Bxf3 40. gxf3 Qxh3+ 41. Rh2 Qxf3+ 42. Rg2 Rg6 0-1

[Event "Olympiad-31"]
[Site "Moscow"]
[Date "1994.12.06"]
[Round "6.2"]
[White "Mortensen, Erling"]
[Black "Adams, Michael"]
[Result "0-1"]
[WhiteElo "2500"]
[BlackElo "2640"]
[Annotator "Dolmatov,S"]
[PlyCount "179"]
[EventDate "1994.12.01"]
[EventType "team-swiss"]
[EventRounds "14"]
[EventCountry "RUS"]
[SourceTitle "CBM 045"]
[Source "ChessBase"]
[SourceDate "1995.04.01"]
[SourceVersion "1"]
[SourceVersionDate "1995.04.01"]
[SourceQuality "1"]
[WhiteTeam "Denmark"]
[BlackTeam "England"]
[WhiteTeamCountry "DEN"]
[BlackTeamCountry "ENG"]

1. e4 e5 2. Nf3 Nc6 3. Bb5 a6 4. Ba4 Nf6 5. O-O Be7 6. Qe2 b5 7. Bb3 O-O 8. c3
d5 9. d3 (9. exd5 $6 Bg4 10. dxc6 e4 11. d4 exf3 12. gxf3 Bh5 13. Bf4 Re8 $44)
9... Re8 10. Nbd2 (10. Re1 Bb7 11. Nbd2 Qd7 12. Nf1 Rad8 13. Bg5 Na5 $10) 10...
Bf8 11. exd5 (11. Rd1 Na5 12. Bc2 c5 13. Nf1 d4 $15 {Bisguier,A-Geller,E/
Stockholm/1962/}) 11... Na5 $1 (11... Nxd5 12. Qe4 (12. Ng5 $6 Nf4 $1 (12...
Qxg5 $2 13. Bxd5 $40) 13. Bxf7+ Kh8 14. Qe4 Qxg5 15. Qxc6 Bh3 $40) 12... Be6
13. Ng5 Qxg5 14. Bxd5 Bxd5 15. Qxd5 $14) 12. c4 (12. Ne4 Nxd5 13. Bc2 f5 $40)
12... bxc4 13. dxc4 e4 $44 14. Nd4 Bc5 15. Nc2 Ng4 (15... Bg4 $5 16. Qe1 c6 17.
Ne3 Bd7 18. Ba4 cxd5 19. Bxd7 Qxd7 20. cxd5 Nxd5 $15) 16. Ne3 (16. h3 $2 e3 $1
$17) 16... Qh4 17. h3 Nxe3 18. fxe3 Qg3 19. Bc2 (19. Re1 $2 Bxh3 20. Nf1 Qg6
$17) 19... Qxe3+ (19... Bxh3 $2 20. Nxe4) (19... Bd6 $5 20. Nxe4 Rxe4 21. Bxe4
Qh2+ 22. Kf2 Bg3+ 23. Kf3 Bh4 24. Qc2 f5 $44) 20. Qxe3 Bxe3+ 21. Kh2 Bxd2 22.
Bxd2 Nxc4 $15 23. Bf4 Bb7 24. Bb3 Bxd5 (24... Nxb2 $6 25. Bxc7 e3 26. d6 $132)
25. Rfc1 (25. Rac1 Nb6 26. Bxc7 Bxb3 27. Bxb6 Bxa2 $17) 25... Nb6 26. Bxc7 Bxb3
27. Bxb6 Be6 28. Be3 (28. a4 $5 Rab8 29. a5 Bd7 30. Ra3 Bb5 31. Rac3 g5 32. h4
h6 $15) 28... h6 29. h4 Rad8 30. Kg3 Rd3 31. Kf2 Rb8 32. b3 Rb5 33. Re1 Rh5 $2
(33... g5 34. hxg5 hxg5 35. Rac1 Kg7 36. Rc6 Ra5 $17) (33... Ra5 $5) (33... Kh7
$5 34. Rac1 Kg6 $17) 34. Kg3 (34. g3 $2 Rf5+ $17) 34... f5 35. Rad1 Rxd1 36.
Rxd1 g5 37. hxg5 hxg5 38. Rd6 $15 f4+ 39. Bxf4 gxf4+ 40. Kxf4 Rh4+ 41. Kg5 (41.
Ke3 Bf5 42. Rxa6 Rh1) 41... Rg4+ 42. Kf6 Kh7 $1 43. Rd1 Rg6+ (43... Bc8 44. Rc1
) 44. Ke5 Bf7 45. Kxe4 Rxg2 46. Ra1 Kg7 47. Kd4 Rc2 48. Kd3 Bg6+ 49. Kd4 Bf7
50. Kd3 Rc6 51. Kd2 Kf6 52. Rc1 Rb6 53. Rc5 Ke6 54. Kc3 Kd6 $15 55. Rf5 Be6 56.
Rg5 Kc7 57. Rg7+ Bd7 58. Kb2 Rd6 59. Kc3 Kb6 60. Rg5 Bc6 61. Rh5 Rg6 62. Rh2
Kc5 63. Kb2 Be4 64. Rd2 Rg3 65. Rh2 Kd4 66. Rd2+ Bd3 67. Rh2 Rg4 68. Rf2 Rh4
69. Rg2 Be4 70. Rd2+ Bd3 71. Rg2 Rh6 72. Rg4+ (72. Rd2 Ke3 73. Rg2 Be4 74. Rg1
Rh2+ 75. Ka3) 72... Be4 73. Ka3 Rh2 74. Rg5 Bd3 75. Rg4+ Kc3 76. Rg3 Rh5 77.
Ka4 Rd5 78. Rh3 Kb2 79. Rh2+ Kb1 80. Kb4 Bc2 81. Rh6 Bd3 82. Rh2 Re5 83. Kc3
Be2 84. a4 Ka2 85. b4 Ka3 86. Kd2 Bg4 87. Rh6 Bc8 88. Rb6 Re7 (88... Kxa4 $19)
89. a5 Re5 90. Kc3 0-1

[Event "Riga Tal Memorial"]
[Site "Riga"]
[Date "1995.??.??"]
[Round "5"]
[White "Anand, Viswanathan"]
[Black "Timman, Jan H"]
[Result "1-0"]
[WhiteElo "2715"]
[BlackElo "2635"]
[Annotator "Dolmatov,S"]
[PlyCount "89"]
[EventDate "1995.04.??"]
[EventType "tourn"]
[EventRounds "11"]
[EventCountry "LAT"]
[EventCategory "17"]
[SourceTitle "CBM 047"]
[Source "ChessBase"]
[SourceDate "1995.08.01"]
[SourceVersion "1"]
[SourceVersionDate "1995.08.01"]
[SourceQuality "1"]

1. e4 {Ftacnik} e5 2. Nf3 Nc6 3. Bb5 a6 4. Ba4 Nf6 5. O-O Be7 6. Qe2 b5 7. Bb3
O-O 8. c3 d6 9. Rd1 Bg4 $6 (9... Na5 10. Bc2 c5 11. d3 Re8 12. Nbd2 Bf8 13. Nf1
h6 14. Ng3 d5 $132) 10. h3 Bh5 11. d3 Na5 12. Bc2 c5 (12... Nd7 {Ftacnik} 13.
g4 Bg6 14. Nbd2 Nb7 15. Nf1 c6 16. Ng3 Re8 17. Nf5 Qc7 18. Kh1 Nd8 19. Nxe7+
Rxe7 20. Nh4 Ne6 21. Nf5 Ree8 22. h4 f6 23. Qf3 Bf7 24. Rg1 {Orlov,V-Emelin,V/
URS-chJ Jurmala/1992/0.5 (71)}) 13. Nbd2 Nd7 (13... Qc7 {Ftacnik} 14. Nf1 Bg6
15. Ne3 Rae8 16. Nh4 Bd8 17. Nhf5 Qd7 18. g4 d5 19. g5 Nh5 20. Nxd5 Bxf5 21.
Qxh5 Bxh3 22. f3 Be6 23. Nf6+ gxf6 24. gxf6 {Dehmelt,K-Costigan,R/Philadelphia
(02)/1989/1-0 (61)}) (13... Nc6 {Ftacnik} 14. Nf1 Qc7 15. Ne3 Rfe8 16. g4 Bg6
17. Nh4 Qb7 18. Nhf5 Rad8 19. Qf3 Bf8 20. Kh2 Ne7 21. Bb3 Kh8 22. g5 Nxf5 23.
Nxf5 Bh5 24. Qg2 {Mortensen,E-Sarwat,W/Moscow olm (02) DEN-EGY/1994/1-0 (30)})
14. g4 (14. Nf1 Bxf3 (14... f6 {Ftacnik} 15. g4 Bf7 16. Ng3 g6 17. Kh2 b4 18.
Nd2 Rc8 19. c4 Nc6 20. Nf3 {Havranek,M-Rehak,M/CZE-chT2 9495 (01)/1995/0.5 (20)
}) 15. Qxf3 Bg5 16. Ne3 $14) 14... Bg6 15. Nf1 Nb6 $6 (15... Nc6 $5 16. Ng3 Re8
17. Nf5 Nf8) (15... h6 $5 16. Ng3 Bg5 17. Nxg5 hxg5 $10) 16. Ng3 Nc6 17. Nf5
Re8 18. h4 {/\19.Ne7 Qe7 20.h5 +-} Bxf5 19. gxf5 d5 (19... Bxh4 20. Kh1 (20.
Nxh4 {Ftacnik} Qxh4 21. Kg2 Qe7 22. Rh1 $40)) 20. Kh1 $5 (20. h5 h6 21. Kh2 Bg5
22. Rg1 f6 $132) 20... Bxh4 21. Rg1 (21. Nxh4 {Ftacnik} Qxh4+ 22. Kg2 d4 $13)
21... Bf6 22. Nh2 g6 23. Qf3 dxe4 (23... d4 24. Ng4 $44) 24. dxe4 Nd7 25. Qh3
Qe7 26. Be3 Bg7 27. Ng4 Nf6 (27... gxf5 $4 {Ftacnik} 28. Nh6+ Kh8 29. Nxf5 $18)
28. Nxf6+ (28. Bg5 $2 Nxg4 29. Rxg4 f6 $13) 28... Qxf6 29. Rg3 (29. Bxc5 $16)
29... Ne7 (29... gxf5 $2 {Ftacnik} 30. Bh6 $18) 30. Kh2 $1 (30. Bxc5 $2 Nxf5
31. exf5 Qc6+) 30... c4 31. Rh1 h6 (31... Rad8 {Ftacnik} 32. Kg1 h5 33. Bg5 Qc6
34. Qh4 f6 (34... Kf8 35. f6 $18) 35. Be3 g5 36. Qxh5 $40) 32. Bxh6 Bxh6 33.
Qxh6 Rad8 (33... Qh8 $2 34. Qxh8+ Kxh8 35. f6 Nc6 36. Kg2+ $18) 34. Kg2 Qg7 35.
Qe3 Rd6 36. b3 $16 Rc8 37. bxc4 bxc4 (37... Rxc4 {Ftacnik} 38. Bb3 Rc7 39. Qg5
a5 40. Rgh3 $40) 38. Rhh3 $1 Kf8 39. Qc1 $5 Kg8 40. Rf3 $18 Rcd8 (40... gxf5+ {
Ftacnik} 41. Rhg3 Rg6 42. exf5 $18) 41. Rhg3 f6 (41... R8d7 {Ftacnik} 42. Qg5
f6 43. Qe3 g5 44. Qc5 Qf7 45. Ba4 Rd8 46. Rh3 $16) 42. fxg6 Rd2 (42... Nxg6 $2
43. Rxg6 Qxg6+ 44. Rg3 $18) 43. Qb1 Qf8 (43... Re2 {Ftacnik} 44. Qb6 $18) 44.
Qh1 Qg7 45. Rxf6 (45. Rxf6 Rxc2 (45... Qxf6 46. Qh7+ Kf8 47. g7+ Ke8 48. Ba4+
$18) (45... Rf8 {Ftacnik} 46. Qh7+ $18) 46. Rf7 $18) 1-0

[Event "Groningen"]
[Site "Groningen"]
[Date "1992.??.??"]
[Round "3"]
[White "Miles, Anthony John"]
[Black "Beliavsky, Alexander G"]
[Result "1-0"]
[WhiteElo "2595"]
[BlackElo "2595"]
[Annotator "Ernst,T"]
[PlyCount "81"]
[EventDate "1992.12.??"]
[EventType "tourn"]
[EventRounds "9"]
[EventCountry "NED"]
[EventCategory "14"]
[SourceTitle "CBM 034"]
[Source "ChessBase"]
[SourceDate "1993.06.01"]
[SourceVersion "1"]
[SourceVersionDate "1993.06.01"]
[SourceQuality "1"]

1. e4 e5 2. Nf3 Nc6 3. Bb5 a6 4. Ba4 Nf6 5. O-O Be7 6. Qe2 b5 7. Bb3 d6 8. c3
O-O 9. d4 (9. Rd1 Na5 10. Bc2 c5 11. d4 Qc7 12. d5 Nc4 $10 {Ciocaltea,V-
Pinter,J, Baile Herculane 1982, 33/460.}) 9... Bg4 (9... Bd7 10. Rd1 h6 11.
Nbd2 Re8 12. Nf1 (12. d5 Na5 13. Bc2 c6 14. b4 Nb7 $10 {Hansson,D - Arnason,J,
Reykjavik op 1988.}) 12... Bf8 13. Ng3 Qc8 14. h3 $14 {Velickovic,S- Bouton,C,
Lugano op 1989.}) 10. Rd1 Qe8 (10... exd4 11. cxd4 d5 12. e5 Ne4 13. a4 $1 (13.
Nc3 Nxc3 14. bxc3 Qd7 15. h3 (15. a4 Na5 16. Bc2 Nc4 17. Qd3 g6 18. Bh6 Nb2 19.
Qd2 Nxd1 20. Bxf8 Bxf3 21. Bxd1 Bxd1 22. Bxe7 Qxe7 23. Qxd1 $14 {Brinckmann,A-
Vajda,A, Budapest 1929.}) 15... Bh5 16. g4 (16. Bf4 $1 Nd8 17. g4 Bg6 18. Bg3
$10 {Short,N - Damljanovic,B, Belgrade 1989.}) 16... Bg6 17. Bg5 (17. Ne1 Na5
18. f4 Nxb3 19. axb3 Be4 20. Nd3 f5 $15 {Rodriguez,Am- Sisniega,M, Capablanca
mem-A 1992.}) 17... Bxg5 18. Nxg5 Nd8 $1 19. Qe3 Ne6 20. Nf3 f5 $15) (13. h3
Bh5 14. g4 $6 Bg6 15. Ne1 Bh4 16. Be3 f5 $1 $17 {Blatny,F- Bajec,I, Jugoslavia
1971, 11/243.}) 13... bxa4 (13... b4 14. a5 Qd7 15. Be3 f5 16. Qc2 Nd8 17. Rc1
Rc8 18. Ne1 $16 {Mortensen- Schandorff, Kerteminde 1991.}) 14. Bxa4 Nb4 15. h3
Bh5 16. Nc3 $14 {Short,N - Karpov,An, Linares (m08) 1992.}) (10... d5 $2 {
Fong,J- Smith,R, USA-op Los Angeles 1991.} 11. exd5 $1 e4 12. dxc6 exf3 13.
gxf3 $16) (10... Qc8 11. a4 b4 (11... Na5 12. Bc2 c6 13. Nbd2 Qc7 $14 {
Hamdouchi,H- Cooper,L, Cannes op 1992.}) 12. a5 $1 h6 (12... bxc3 13. bxc3 Rb8
14. Bc4 exd4 15. cxd4 Nxa5 16. Rxa5 Rxb1 17. e5 dxe5 18. dxe5 Ne8 19. Rxa6 $14
{Chandler,M- Olafsson,H, Hastings 1990.}) 13. d5 Na7 14. Bc4 Nb5 15. Bxb5 axb5
16. cxb4 Nh5 17. h3 Bd7 18. Nxe5 dxe5 19. Qxh5 f5 $13 {Matkovic,T - Trkaljanov,
V, JUG-ch 1991.}) 11. h3 Bh5 12. a4 Bg6 (12... Rb8 $1 13. Bc2 exd4 14. cxd4 Nb4
15. Bb3 c5 16. axb5 axb5 17. e5 dxe5 18. dxe5 c4 $1 19. exf6 Bxf6 20. Bxc4 bxc4
21. Qxc4 Bxf3 22. gxf3 Nc6 $44 {Plaskett,J- Ivanov,I, BCF-ch 1987.}) 13. Nbd2
exd4 14. cxd4 Na5 15. Ba2 (15. Bc2 $2 d5 $1 $15) 15... bxa4 16. Nh4 $44 Qb5 17.
Qf3 Rab8 18. Nxg6 hxg6 19. Bb1 Nd7 20. Qa3 Nb6 21. Bd3 Qh5 (21... Qd7 22. Qc3
Nc6 23. Bxa6 $16) 22. Re1 c5 23. Be2 $1 Qh4 24. Qc3 Nc6 25. Nf3 Qh8 (25... Qxe4
26. Bd3 cxd4 27. Qd2 Qd5 28. Be4 Qc5 29. Bxc6 Qxc6 30. Rxe7 $18) 26. dxc5 dxc5
27. Bf4 Rb7 28. Rad1 $1 (28. Bxa6 Ra7 29. Bb5 Nb4 $14) 28... c4 29. Bd6 Rc8 30.
e5 Qh6 31. Nd4 Bxd6 32. exd6 Ne5 33. Bf3 Nxf3+ 34. Qxf3 Rd7 35. Nc6 $18 Kh7 36.
Ne5 a3 37. Nxd7 Nxd7 38. Qb7 Rd8 39. Qc7 Qg5 40. bxa3 c3 41. Qxc3 1-0